书目信息 |
| 题名: |
媒介融合时代的电视新闻创新
|
|
| 作者: | 胡正荣 , 赵树清 , 马建宇 主编 | |
| 分册: | ||
| 出版信息: | 北京 中国传媒大学出版社 2011.10 |
|
| 页数: | 241页 | |
| 开本: | 24cm | |
| 丛书名: | 21世纪媒介理论丛书 | |
| 单 册: | ||
| 中图分类: | G229.2 | |
| 科图分类: | ||
| 主题词: | 电视新闻--传播媒介--发展战略--研究--中国 , 电视新闻 , 传播媒介 , 发展战略 | |
| 电子资源: | ||
| ISBN: | 978-7-81127-505-6 | |
| 000 | 01445oam2 2200337 450 | |
| 001 | 010700114161 | |
| 005 | 20130627101032.17 | |
| 010 | @a978-7-81127-505-6@dCNY46.00 | |
| 100 | @a20111024d2011 em y0chiy0110 ea | |
| 101 | 0 | @achi |
| 102 | @aCN@b110000 | |
| 105 | @ay z 000yy | |
| 106 | @ar | |
| 200 | 1 | @a媒介融合时代的电视新闻创新@9mei jie rong he shi dai de dian shi xin wen chuang xin@dThe innovation television journalism in the era of media convergence@e省级地面频道发展战略研究@f胡正荣,赵树清,马建宇主编@zeng |
| 210 | @a北京@c中国传媒大学出版社@d2011.10 | |
| 215 | @a241页@d24cm | |
| 225 | 2 | @a21世纪媒介理论丛书@h第二辑 |
| 330 | @a本书在全面分析全新媒介环境下我国省级强势地面电视媒介的现状、问题及应对方式的基础上,结合发达国家在电视新闻生产方面的成功经验,提出媒介融合背景下我国电视新闻创新的路径。 | |
| 461 | 0 | @12001 @a21世纪媒介理论丛书@1035 @a(A100000NLC)003838464 |
| 510 | 1 | @aInnovation television journalism in the era of media convergence@zeng |
| 517 | 1 | @a省级地面频道发展战略研究@9sheng ji di mian pin dao fa zhan zhan lue yan jiu |
| 606 | 0 | @a电视新闻@x传播媒介@x发展战略@x研究@y中国 |
| 606 | 0 | @a电视新闻 |
| 606 | 0 | @a传播媒介 |
| 606 | 0 | @a发展战略 |
| 690 | @aG229.2@v4 | |
| 701 | 0 | @a胡正荣@9hu zheng rong@f(1966~)@4主编 |
| 701 | 0 | @a赵树清@9zhao shu qing@c(编辑)@4主编 |
| 701 | 0 | @a马建宇@9ma jian yu@c(编辑)@4主编 |
| 801 | 0 | @aCN@bNLC@c20120207 |
| 905 | @b546565-69@dG229.2@e171@f5 | |
| 媒介融合时代的电视新闻创新=The innovation television journalism in the era of media convergence:省级地面频道发展战略研究/胡正荣,赵树清,马建宇主编.-北京:中国传媒大学出版社,2011.10 |
| 241页;24cm.-(21世纪媒介理论丛书.第二辑) |
| ISBN 978-7-81127-505-6:CNY46.00 |
| 本书在全面分析全新媒介环境下我国省级强势地面电视媒介的现状、问题及应对方式的基础上,结合发达国家在电视新闻生产方面的成功经验,提出媒介融合背景下我国电视新闻创新的路径。 |
| ● |
| 相关链接 |
|
|
|
|
正题名:媒介融合时代的电视新闻创新
索取号:G229.2/171
 
预约/预借
| 序号 | 登录号 | 条形码 | 馆藏地/架位号 | 状态 | 备注 |
| 1 | 546565 | 205465655 | 第一样本阅览室/ [索取号:G229.2/171] | 在馆 | |
| 2 | 546566 | 205465664 | 第四借阅区/ [索取号:G229.2/171] | 在馆 | |
| 3 | 546567 | 205465673 | 中文系资料室/ [索取号:G229.2/171] | 在馆 | |
| 4 | 546568 | 205465682 | 第四借阅区/ [索取号:G229.2/171] | 在馆 | |
| 5 | 546569 | 205465691 | 第四借阅区/ [索取号:G229.2/171] | 在馆 |